000 00583nam a2200181Ia 4500
003 GCL
008 140319s9999 xx 000 0 ara d
040 _aGCL /
_cGCL
082 0 4 _a811.008
_bد ع
100 1 _aعبدالله عبدالرحمن الامين
245 1 0 _aديوان العروبة /
_cعبدالله عبدالرحمن الامين
300 _a96 ص
490 _aالهيئة العامة للاستعلامات
_v0
650 0 4 _aالشعر العربى
650 0 4 _aالادب العربى
650 0 4 _aالقصائد والدواوين
942 _2ddc
_cBK
999 _c50524
_d50524